Ordenanzas municipales de la Ciudad de Oaxaca de Juárez, acordadas en cabildo de 24 de enero de 1890, y aprobadas por el Gobierno del Estado en acuerdo de 15 de marzo del mismo año

Detalles Bibliográficos
Autor Corporativo: Oaxaca (México). Leyes, decretos, etc
Formato: Libro
Lenguaje:Spanish
Publicado: Oaxaca : imprenta del Estado en Palacio, a cargo de Ignacio Candiani, 1890.
Materias:
Colección:Banco de datos
Acervo:Universidad Autónoma Benito Juárez de Oaxaca. Biblioteca Francisco de Burgoa. Colección histórica
Descripción Física:76 p., [12] h. blancas ; 21 cm.
Tema general:Derecho civil
Notas:Portada tipográfica con viñeta y plecas. Texto a renglón seguido con paginación en números arábigos y signaturas
LEADER 00932nam a22001690004500
035 |a 4946 
041 0 |a spa 
110 1 |a Oaxaca (México). Leyes, decretos, etc. 
245 1 0 |a Ordenanzas municipales de la Ciudad de Oaxaca de Juárez, acordadas en cabildo de 24 de enero de 1890, y aprobadas por el Gobierno del Estado en acuerdo de 15 de marzo del mismo año 
260 |a Oaxaca : imprenta del Estado en Palacio, a cargo de Ignacio Candiani, 1890. 
300 |a 76 p., [12] h. blancas ; 21 cm.  
500 |a Portada tipográfica con viñeta y plecas. Texto a renglón seguido con paginación en números arábigos y signaturas 
650 1 0 |a Derecho civil 
852 |a Universidad Autónoma "Benito Juárez" de Oaxaca, Biblioteca Francisco de Burgoa, Colección histórica 23892-B 
942 |c BURHIS 
943 |g Universidad Autónoma Benito Juárez de Oaxaca. Biblioteca Francisco de Burgoa. Colección histórica 
999 |c 1123789  |d 1123789